000 00318nam a2200133Ia 4500
008 230917s9999||||xx |||||||||||||| ||und||
040 _e137307
_aMAIN
041 _aEnglish
082 _a658.4092 G413M
100 _aGilley, Jerry W.
245 0 _aManager as coach
260 _aDelhi
_bMacmillan
_c2005
942 _cBK
999 _c145938
_d145938